000 01492nam a2200361 a 4500
001 dia_5501
003 CHAP
005 20240130125113.0
007 ta
008 220117s1991 mx ade f 001 0 spa d
040 _cCHAP
_amxchpua
090 _aT.C.126
_bS26 ETIPA
_c1991
245 1 0 _aEstudio de factibilidad técnico económica de un centro de acopio de miel en la región norte del estado de Tlaxcala /
_ccoordinadores Horacio Vinicio Santoyo Cortés y José Refugio Pérez Sánchez ; colaborador Rafael Caballero Vázquez...[y otros.]
260 _aMéxico :
_bEl autor,
_c1991
300 _a49 hojas :
_bilustraciones, tablas, planos
336 _2rdacontent
_atexto
_btxt
337 _2rdamedia
_asin medio
_bn
338 _2rdacarrier
_avolumen
_bnc
502 _aViaje de estudios
_b(ETIPA) --
_cUACh. Departamento de Ingeniería Agroindustrial,
_d1991
504 _aBibliografía : hojas 48-49
505 0 0 _aContiene 1 plano : 1.Plano de distribución de áreas del centro de acopio de miel. (Esc. 1:100)
650 1 3 _aMiel de abeja
_xMercadeo
_9158820
650 1 3 _aHoney
_9158819
700 _aCaballero Vázquez, Rafael, colab.
_9158821
700 1 _aSantoyo Cortés, Vinicio Horacio
_9147239
_ecoordinador
700 1 _aPérez Sánchez, José Refugio
_990035
_ecolaboraddor
901 _aT.C.126 S26 ETIPA 1991
902 _aM
905 _a5332271991 mx ni 8222223322spa16
942 _2local
942 _cVE
999 _c176433
_d176433